ՀՀ Գիտությունների ազգային ակադեմիայի հիմնարար գիտական գրադարան  =   Fundamental Scientific Library of NAS RA

Универсальная десятичная классификация : (Record no. 364239)

MARC details
000 -LEADER
fixed length control field 00899nam a2200205 a 4500
001 - CONTROL NUMBER
control field 001135074
003 - CONTROL NUMBER IDENTIFIER
control field AM-YeHGA
005 - DATE AND TIME OF LATEST TRANSACTION
control field 20250617152114.0
008 - FIXED-LENGTH DATA ELEMENTS--GENERAL INFORMATION
fixed length control field 160314s1978 ru 000 0 rus d
040 ## - CATALOGING SOURCE
Original cataloging agency AM-YeHGA
041 0# - LANGUAGE CODE
Language code of text/sound track or separate title rus
090 ## - LOCALLY ASSIGNED LC-TYPE CALL NUMBER (OCLC); LOCAL CALL NUMBER (RLIN)
-- 366095
245 00 - TITLE STATEMENT
Title Универсальная десятичная классификация :
Remainder of title Сокращенные таблицы /
Statement of responsibility, etc. Сост.: Л.А. Летучева, Н.Ф. Кузнецова.
250 ## - EDITION STATEMENT
Edition statement 2-е изд.
260 ## - PUBLICATION, DISTRIBUTION, ETC.
Place of publication, distribution, etc. Москвa :
Name of publisher, distributor, etc. Машиностроение,
Date of publication, distribution, etc. 1978.
650 14 - SUBJECT ADDED ENTRY--TOPICAL TERM
Topical term or geographic name entry element Библиотечное дело
General subdivision Организация и развитие библиотечного дела
653 0# - INDEX TERM--UNCONTROLLED
Uncontrolled term Универсальная десятичная классификация - Таблицы
700 1# - ADDED ENTRY--PERSONAL NAME
Personal name Летучева, Л.А.
Relator term сост.
Relationship com
700 1# - ADDED ENTRY--PERSONAL NAME
Personal name Кузнецова, Н.Ф.
Relator term сост.
Relationship com
Holdings
Withdrawn status Lost status Damaged status Not for loan Collection Home library Current library Date acquired Total checkouts Full call number Barcode Date last seen Price effective from Koha item type Public note
        General Fundamental Scientific Library Fundamental Scientific Library 11/01/2017   PIII/43724 FL0385476 11/01/2017 11/01/2017 Գրքեր / Books 30 Days Loan


ՀՀ ԳԱԱ հիմնարար գիտական գրադարան
ՀՀ,Երևան 0019
Մարշալ Բաղրամյան 24/6
հեռախոս:(374-10) 52-47-50
Հետադարձ կապ

All site content, except where otherwise noted, is licensed under a
Creative Commons License